000 00363nam a22001577a 4500
003 MACL
005 20151117161210.0
008 151117b xxu||||| |||| 00| 0 eng d
040 _cMACL
041 _aEnglish
082 _a307/ABE
100 _aAbedi, Zakir
_917362
245 _aDalit Social Empowerment in India
650 _aSociology
_919
942 _2ddc
_cBK
999 _c50614
_d50614